000 00463nam a2200181Ia 4500
001 25376
005 20260414151145.0
008 260414t2008||||xx |||||||||||||| ||spa||
041 _aESP
082 _a346.5
_bH56O
100 _aHinestrosa, Fernando
_eAUT
245 0 _aTratado de la obligaciones :
_bconcepto, estructura, vicisitudes
260 _c2008
300 _a1005 páginas :
_c24 cm.
650 _aDER
654 _aCDE
942 _cLIB
_dJUS
_fJUS
_2ddc
_n
999 _c25376
_d25376